[Event "Paris GCT 2017 Blitz"]
[Site "Paris"]
[Date "2017.06.24"]
[Round "4"]
[White "Mamedyarov, Shakhriyar"]
[Black "Carlsen, Magnus"]
[Result "0-1"]
[WhiteElo "2800"]
[BlackElo "2832"]
[Annotator "TA"]
[PlyCount "48"]
[EventDate "2017.??.??"]
[EventType "tourn"]
[EventCountry "FRA"]
[SourceTitle "playchess.com"]
[Source "ChessBase"]
[SourceQuality "1"]

{[%evp 11,48,-7,-7,-37,-27,-34,-29,-30,-15,-56,-72,-79,-31,-85,-72,-61,-61,-99,-113,-118,-47,-133,-55,-77,0,-121,-39,-121,-129,-130,-60,-246,-237,-234,-253,-242,-238,-449,-438]} 1. d4 d5 2. Nf3 Nf6 3. c4 c6 4. Qc2 g6 5. g3 Bg7 6. Bg2 O-O {LiveBook: 38 Games. D11: Slav Defence: 3 Nf3 sidelines and 3...Nf6 4 e3 Bg4} 7. Nbd2 Bf5 8. Qb3 Qb6 {Black is slightly better.} 9. O-O Rd8 $146 ({Predecessor:} 9... Nbd7 10. c5 Qc7 11. Nh4 Bg4 12. f3 Be6 13. f4 Ne4 14. e3 Ndf6 15. Qc2 {½-½ (15) Marszalek,M (2355)-Murdzia,P (2481) Gdansk 2008}) 10. Qa3 Na6 11. c5 Qb5 12. e3 (12. Qb3 $15) 12... Nb4 {Threatens to win with ...Nc2.} 13. Qc3 a5 $1 14. a4 Qa6 15. b3 Nd3 (15... Nd7 $17 16. Ba3 Nc2) 16. Rd1 {[#]} (16. Nh4 $15) 16... Ng4 (16... b5 $1 $17 {[%cal Rb5b4]} 17. cxb6 c5) 17. Rf1 $15 Bh6 (17... e5 $17 18. h3 exd4 19. Nxd4 Nxc1 20. Rfxc1 Ne5) 18. Nb1 {[#]} (18. Nh4 $1 $11 {was the only way to keep the balance.}) 18... e5 ({Better is} 18... b6 $1 $17 {aiming for ...bxc5.} 19. cxb6 Rab8) 19. Bd2 (19. h3 $1 $15 exd4 20. Nxd4) 19... Bg7 $36 {[%mdl 2048] Black is really pushing.} 20. Na3 Nf6 (20... exd4 $17 21. exd4 b5 22. cxb6 Qxb6) 21. Ne1 $2 (21. Nxe5 $15 Nxe5 22. dxe5) 21... Ne4 $19 22. Bxe4 dxe4 23. Nxd3 exd4 ({Don't take} 23... Qxd3 24. Qxd3 exd3 25. dxe5 $17) ({Weaker is} 23... exd3 24. dxe5 Rd5 25. Nc4 $15) 24. Qb2 $2 (24. Qc2 {was called for.} exd3 25. Qa2) 24... Qxd3 {Precision: White = 16%, Black = 48%.} 0-1

[Event "Paris GCT 2017 Blitz"]
[Site "Paris"]
[Date "2017.06.24"]
[Round "4"]
[White "Grischuk, Alexander"]
[Black "So, Wesley"]
[Result "1/2-1/2"]
[WhiteElo "2761"]
[BlackElo "2812"]
[Annotator "TA"]
[PlyCount "99"]
[EventDate "2017.??.??"]
[EventType "tourn"]
[EventCountry "FRA"]
[SourceTitle "playchess.com"]
[Source "ChessBase"]
[SourceQuality "1"]

{[%evp 16,99,20,20,21,25,28,18,16,9,10,14,27,17,12,10,11,11,11,11,11,9,13,0,10,7,15,2,14,4,14,12,22,12,25,15,26,21,25,8,8,0,25,61,189,218,261,220,188,189,240,0,148,108,378,282,627,627,731,651,1221,1164,1075,867,866,829,547,0,8,8,8,8,8,8,8,8,8,0,0,0,0,0,0,0,0,0]} 1. Nf3 Nf6 2. c4 c5 3. b3 g6 4. Bb2 Bg7 5. g3 b6 6. Bg2 Bb7 7. O-O O-O 8. d4 cxd4 9. Qxd4 d5 {A30: Symmetrical English: Double Fianchetto and Hedgehog} (9... d6 10. Nc3 Ne4 11. Qe3 Nxc3 12. Bxc3 Nd7 13. Bxg7 Kxg7 14. Rad1 Rc8 15. h4 Nf6 16. Qd4 Qc7 17. Bh3 Rcd8 18. Rc1 {1-0 (59) Aronian,L (2803)-Dominguez Perez,L (2754) Beijing 2013}) 10. Na3 $146 ({Predecessor:} 10. cxd5 Qxd5 11. Qh4 Qh5 12. Qxh5 Nxh5 13. Bxg7 Kxg7 14. Rc1 Na6 15. Ne5 Bxg2 16. Kxg2 Rac8 17. Nd2 Nb4 18. Ndc4 {1-0 (43) Dizdar,G (2544)-Codenotti,M (2264) Seville 2011}) 10... dxc4 11. Nxc4 Qxd4 12. Nxd4 Bxg2 13. Kxg2 Rc8 14. Rfd1 Nc6 15. Rac1 Nxd4 16. Bxd4 Ne4 17. Bxg7 Kxg7 18. f3 Nc5 19. Kf2 Kf8 20. e4 f6 21. Ke3 Ke8 22. h4 Rd8 23. g4 h6 24. f4 {[%cal Bf3f4,Bf4f5][%mdl 32]} Rxd1 25. Rxd1 Rd8 26. Rxd8+ Kxd8 $11 {[%mdl 4096] Endgame KN-KN} 27. f5 g5 28. h5 Nd7 29. Kd4 b5 (29... Ke8 $14) 30. Ne3 $18 a6 31. Kd5 $1 Ne5 32. Ke6 Ke8 {[#]} (32... a5 $142 33. Nd5 Nxg4) 33. a4 $2 (33. Nd5 $1 $18) 33... bxa4 (33... Nd3 $1 $11 {remains equal.} 34. Kd5 Nc1) 34. bxa4 $16 {[%cal Bb3a4,Ba4a5][%mdl 32]} Nd7 $2 {[%mdl 8192]} (34... Nd3 $16 35. Kd5 Kd7) 35. a5 $18 Nc5+ $2 (35... Ne5 36. Kd5 Kd8) 36. Kd5 Nb3 37. Nc4 Kd7 38. e5 fxe5 39. Nxe5+ Ke8 {[#]} 40. Nc4 $1 Kd7 41. Ne5+ $2 (41. Ke5 $18 {Strongly threatening f6.} Ke8 42. Ke6) 41... Ke8 $1 $11 {The position is equal.} 42. Nc6 {Kc4 is the strong threat.} Kd7 $1 43. Nb8+ Ke8 $1 44. Nxa6 Nxa5 45. Nc5 Kf7 46. Nd3 Nb3 47. Ne5+ Kf6 48. Nd7+ Kf7 49. Ne5+ Kf6 50. Nd7+ {Precision: White = 55%, Black = 41%.} 1/2-1/2

[Event "Paris GCT 2017 Blitz"]
[Site "Paris"]
[Date "2017.06.24"]
[Round "4"]
[White "Topalov, Veselin"]
[Black "Karjakin, Sergey"]
[Result "1/2-1/2"]
[WhiteElo "2749"]
[BlackElo "2781"]
[Annotator "TA"]
[PlyCount "70"]
[EventDate "2017.??.??"]
[EventType "tourn"]
[EventCountry "FRA"]
[SourceTitle "playchess.com"]
[Source "ChessBase"]
[SourceQuality "1"]

{[%evp 19,70,29,15,11,25,0,0,0,0,0,0,-17,0,0,0,0,0,0,13,-9,-9,-11,0,0,19,19,19,19,19,0,19,19,22,21,21,13,20,20,42,13,20,22,27,13,29,0,23,0,26,0,25,0,27]} 1. c4 e5 2. g3 Nf6 3. Bg2 d5 4. cxd5 Nxd5 5. Nf3 Nc6 6. O-O Be7 7. d4 e4 8. Ne5 f5 9. Nxc6 {A20: English Opening: 1...e5} bxc6 10. Qc2 Qd7 {LiveBook: 5 Games} 11. Nc3 O-O 12. Nxd5 cxd5 13. Bf4 {[#]} c6 $146 ({Predecessor:} 13... Ba6 14. Rfc1 Rac8 15. e3 c5 16. dxc5 Bxc5 {1-0 (44) Wang,H (2718)-Karjakin,S (2788) Ningbo 2011}) 14. Rfc1 Bb7 15. e3 a5 (15... g5 $5 {[%cal Rg5f4]} 16. Be5 Bf6 $11) 16. h4 Rfc8 17. Qd1 Ba6 18. Rc2 a4 (18... Bd3 $5 {[%cal Rd3c2]} 19. Rc3 a4 $11) 19. Rac1 Bd3 20. Rc3 Bb5 21. Bf1 Bb4 22. R3c2 Bxf1 23. Kxf1 Ra6 24. Kg2 h6 25. Rb1 Kh7 26. b3 a3 27. Rbc1 Qe6 28. Qh5 Rb6 29. Be5 Ra6 (29... g6 $5 {[%cal Rg6h5]} 30. Qe2 Bf8 $11) 30. Qe2 Raa8 31. Bf4 Ra5 32. Qd1 Qd7 33. Qe2 Qe6 34. Qd1 Qd7 35. Qe2 Qe6 {Precision: White = 47%, Black = 48%.} 1/2-1/2

[Event "Paris GCT 2017 Blitz"]
[Site "Paris"]
[Date "2017.06.24"]
[Round "4"]
[White "Bacrot, Etienne"]
[Black "Vachier-Lagrave, Maxime"]
[Result "0-1"]
[WhiteElo "2708"]
[BlackElo "2796"]
[Annotator "TA"]
[PlyCount "62"]
[EventDate "2017.??.??"]
[EventType "tourn"]
[EventCountry "FRA"]
[SourceTitle "playchess.com"]
[Source "ChessBase"]
[SourceQuality "1"]

{[%evp 12,62,-7,-34,-7,-3,0,0,0,0,50,-35,0,-9,-5,-5,-7,-8,0,0,0,0,0,0,23,16,6,13,8,16,14,3,66,0,0,0,0,0,0,0,0,-153,-153,-166,-185,-221,-195,-340,-336,-270,-263,-671,-278]} 1. Nf3 c5 2. b3 d6 3. c4 g6 4. Bb2 e5 5. Nc3 Bg7 6. d3 Nc6 7. e3 f5 {A04: Unusual lines after 1 Nf3 and King's Indian Attack} (7... Nge7 8. Be2 O-O 9. O-O h6 10. a3 Be6 11. Nd2 f5 12. b4 cxb4 13. axb4 Nxb4 14. Ba3 Nec6 15. Qb3 {0-1 (50) Darcyl,T (2405)-Flores,D (2568) Buenos Aires 2017}) 8. g3 Nf6 9. Bg2 O-O {The position is equal.} 10. O-O $146 ({Predecessor:} 10. Rc1 f4 11. exf4 exf4 12. Ne2 fxg3 13. hxg3 {1-0 (68) Ursic,S (2065)-Toth,L (2275) Zalakaros 1997}) 10... f4 11. Nd5 (11. h3 $14) 11... fxe3 12. fxe3 Nxd5 13. cxd5 Nb4 {[%cal Bc6b4,Bb4a6,Ba6c7][%mdl 32]} 14. e4 Bd7 15. a3 Na6 16. Bc1 Nc7 17. Bg5 Qe8 (17... Bf6 $5 {[%cal Rf6g5]} 18. Be3 Qe7 $11) 18. Qd2 Nb5 19. a4 Nd4 20. Nxd4 Rxf1+ 21. Rxf1 {[#] Nc2 is the strong threat.} exd4 (21... cxd4 $11 22. Qb4 h6) 22. Bf6 (22. Qf4 $14) 22... Bxf6 $11 23. Rxf6 Qe7 $36 {[%mdl 2048] Black fights for an advantage.} 24. Qf4 Rf8 25. Rxf8+ Qxf8 26. e5 $2 (26. Qg5 $11) 26... Qxf4 $17 27. gxf4 {[#]} Bg4 $1 28. exd6 Kf8 29. a5 (29. d7 $142 Ke7 30. Kf2) 29... Ke8 $19 30. Kf2 Kd7 31. Bf3 $2 (31. Ke1) 31... Bf5 {Precision: White = 33%, Black = 60%.} (31... Bxf3 $142 32. Kxf3 b6) 0-1

[Event "Paris GCT 2017 Blitz"]
[Site "Paris"]
[Date "2017.06.24"]
[Round "5"]
[White "Carlsen, Magnus"]
[Black "Grischuk, Alexander"]
[Result "0-1"]
[WhiteElo "2832"]
[BlackElo "2761"]
[Annotator "TA"]
[PlyCount "171"]
[EventDate "2017.??.??"]
[EventType "tourn"]
[EventCountry "FRA"]
[SourceTitle "playchess.com"]
[Source "ChessBase"]
[SourceQuality "1"]

{[%evp 12,171,0,0,9,8,1,0,0,0,0,0,19,0,29,33,38,46,36,2,33,47,40,38,42,47,68,27,62,58,61,73,73,46,53,12,61,55,59,0,0,0,18,-45,-37,-50,-42,-53,-53,-45,-45,-46,0,0,53,53,53,53,113,58,147,58,154,74,137,73,70,46,46,46,64,0,0,0,0,0,0,4,18,0,24,18,18,18,18,18,63,64,88,44,71,42,134,134,134,51,116,36,37,37,41,41,57,0,0,0,4,0,0,0,0,0,0,0,0,0,0,0,0,0,0,0,289,0,22,0,12,0,333,0,342,342,295,0,0,0,320,72,76,47,45,45,63,69,12841,12841,12843,12842,12843,12843,12843,418,12844,75,197,0,0,0,0,0,0,0]} 1. Nf3 Nf6 2. g3 d5 3. Bg2 c6 4. O-O Bf5 5. c4 e6 6. d3 dxc4 7. dxc4 Qxd1 {A11: English Opening: 1...c6} 8. Rxd1 Bc2 9. Rf1 Nbd7 10. Nc3 Bb4 11. Bd2 a5 $146 ({Predecessor:} 11... Nb6 12. Rac1 Bg6 13. a3 Be7 14. Ne5 Rd8 15. Be3 {0-1 (60) Muse,M (2424)-Nikolic,P (2620) Germany 2013}) 12. a3 (12. Rac1 $5 {[%cal Rc1c2]} Bg6 13. a3 $11) 12... Bxc3 13. Bxc3 a4 14. Rac1 Be4 15. Rfd1 Ke7 16. Bf1 c5 17. Ne1 {[%cal Bf3e1,Be1d3,Bd3f4][%mdl 32]} Bc6 18. f3 Rhd8 19. Nd3 b6 20. Kf2 Ne8 21. e4 $1 Bb7 22. Ke3 Ba6 23. h4 Rac8 24. Nf4 f6 25. Rd2 (25. g4 $14) 25... Nd6 $11 26. Nh5 Ne8 (26... g6 $5 {[%cal Rg6h5]} 27. Rxd6 Kxd6 28. Nxf6 Nxf6 29. Bxf6 Rd7 $11) 27. Rcd1 (27. g4 $11) 27... Ne5 $15 28. Rxd8 Rxd8 29. Rxd8 Kxd8 30. Bxe5 fxe5 {[%mdl 4096] Endgame KBN-KBN} 31. g4 $1 Ke7 (31... g6 $5 {[%cal Rg6h5]} 32. Ng3 Nd6 $17) 32. Kd2 g6 (32... Nd6 $1 $11) 33. Ng3 $14 Nd6 34. Kc3 Nb7 (34... h6 $14) 35. Bd3 (35. g5 $1 $16) 35... Na5 (35... h6 $14) 36. Nf1 (36. g5 $1 $16) 36... Bc8 (36... h6 $14) 37. Nd2 ({White should try} 37. g5 $1) 37... Bd7 (37... h6 $142) 38. Bc2 (38. g5 $142 $1) 38... h6 $16 39. g5 hxg5 40. hxg5 Nb7 41. Nf1 (41. Nb1 $14) 41... Nd6 $11 42. Ne3 Nf7 43. Ng4 Bc6 44. Kd2 Kd6 45. Ke3 Nxg5 46. Nf2 Nh7 47. Nd1 Nf6 48. Nc3 Nh5 49. Bxa4 Bb7 50. Bd1 Nf4 51. Be2 Ng2+ (51... Bc6 $14) 52. Kf2 $1 $16 {[%cal Rf2g2]} Nf4 53. Bf1 (53. Kg3 $1 $16) 53... Bc6 ({Better is} 53... Nh5 $1 $14) 54. b4 (54. Kg3 $1 $16) 54... cxb4 $14 55. axb4 Be8 56. Ke3 (56. Be2 $5) 56... g5 57. b5 (57. Kf2 $14) 57... Kc7 58. Na4 Bh5 59. Be2 Ng2+ 60. Kf2 Nf4 61. Bf1 g4 62. fxg4 Bxg4 63. Ke3 Bd1 64. Nb2 Bc2 65. Bd3 Bb3 66. Kd2 {Threatens to win with Bb1.} Kd6 $2 {[%mdl 8192]} (66... Nxd3 $11 67. Kxd3 Ba2) 67. Kc3 $2 ({White must play} 67. Bb1 $1 $18) 67... Ba2 68. Nd1 Kc5 69. Nf2 Kd6 $2 {[%mdl 8192]} (69... Nxd3 $11 70. Nxd3+ Kd6) 70. Kb4 $2 (70. Bf1 $1 $18) 70... Kc7 $2 {[%mdl 8192] [#]} (70... Nxd3+ $11 {and Black has nothing to worry.} 71. Nxd3 Bb1) 71. Bf1 $1 $18 Kd6 72. Nd1 $2 ({White should play} 72. Ka3 $18) 72... Bb1 $11 73. Nf2 Kc7 $2 {[%mdl 8192]} (73... Ba2 $11 74. Ka3 Bxc4 75. Bxc4 Nh5) 74. c5 $2 (74. Kb3 $18 {and White stays clearly on top.}) 74... bxc5+ 75. Kxc5 Bc2 76. b6+ {[%cal Bb5b6,Bb6b7][%mdl 32]} Kb7 77. Bb5 {Bc6+ is the strong threat.} Bb1 $2 {[%mdl 8192]} (77... Kc8 $14 78. Ba6+ Kb8) 78. Bc6+ $18 Ka6 79. b7 Ka7 80. Kd6 {White threatens Kc7 and mate.} Kb8 81. Kxe5 (81. Ng4 $142 Nh5 82. Ke7 Bxe4 83. Bxe4) 81... Ne2 {[#]} (81... Nh5 $142 82. Kxe6 Kc7) 82. Kxe6 $2 (82. Ng4 $1 $18 {and the rest is easy.} Kc7 83. Nf6) 82... Kc7 (82... Nd4+ $16 {was worth a try.} 83. Kd7 Nb3) 83. Bd5 $2 (83. Ke5 $18) 83... Nc3 {The position is equal.} 84. Ke5 ({Weaker is} 84. Bc6 Ba2+ 85. Kf6 Bc4 $18) 84... Nxd5 85. exd5 (85. b8=Q+ $5 Kxb8 86. exd5 $11) 85... Kxb7 86. d6 {[%mdl 32768] Precision: White = 39%, Black = 44%. . Loss on Time!?} 0-1

[Event "Paris GCT 2017 Blitz"]
[Site "Paris"]
[Date "2017.06.24"]
[Round "5"]
[White "So, Wesley"]
[Black "Caruana, Fabiano"]
[Result "0-1"]
[WhiteElo "2812"]
[BlackElo "2808"]
[Annotator "TA"]
[PlyCount "118"]
[EventDate "2017.??.??"]
[EventType "tourn"]
[EventCountry "FRA"]
[SourceTitle "playchess.com"]
[Source "ChessBase"]
[SourceQuality "1"]

{[%evp 9,118,2,15,10,4,-19,12,2,8,-4,-7,-21,-5,-12,-2,-14,0,-12,6,-38,-34,-35,-41,-66,8,-28,0,0,2,10,14,-7,0,-13,-20,-9,11,15,25,-10,0,-7,0,-29,-19,-35,-28,-37,0,-24,-37,-11,13,29,52,0,0,0,98,92,122,-106,-93,-261,-245,-255,-241,-248,-237,-235,-231,-249,-244,-266,0,-241,-204,-274,-232,-434,-399,-485,-430,-369,-77,-508,-508,-535,-158,-389,-136,-450,-67,-221,-232,-764,-764,-764,-687,-666,-630,-623,-622,-764,-764,-29981,-622,-29980,-29980,-29980,-29981]} 1. Nf3 d5 2. e3 Nf6 3. c4 e6 4. b3 Bd6 5. Bb2 O-O 6. Nc3 {A13: English Opening: 1...e6} b6 (6... c6 7. d4 Nbd7 8. Bd3 e5 9. cxd5 cxd5 10. dxe5 Nxe5 11. Be2 Nxf3+ 12. Bxf3 Be5 13. O-O Be6 14. Qd2 Qa5 15. Rfd1 Rfd8 16. Ne4 Qxd2 17. Nxf6+ Bxf6 18. Rxd2 Bxb2 19. Rxb2 {½-½ (63) Malakhov,V (2703)-Matlakov,M (2693) Sochi 2016}) 7. Qc2 c6 8. Be2 {The position is equal.} Bb7 9. cxd5 exd5 10. O-O Nbd7 {[%cal Bb8d7,Bd7c5,Bc5e6][%mdl 32]} 11. Rac1 Re8 12. Rfd1 $146 ({Predecessor:} 12. d4 Rc8 13. Rfd1 Nf8 14. Bd3 Ne6 15. Bf5 {0-1 (54) Zhao,X (2568)-Ushenina,A (2501) Beijing 2013}) 12... Nc5 13. d3 Rc8 14. b4 Ne6 15. Qb3 Qe7 16. a3 c5 (16... Ng4 $15 17. h3 Nf6) 17. bxc5 bxc5 {...d4 is the strong threat.} 18. Nb5 $36 {[%mdl 2048] White fights for an advantage.} Bb8 (18... d4 $5) 19. Bxf6 $1 gxf6 20. Rb1 Bc6 {next ...d4! is good for Black.} 21. d4 c4 22. Qc2 {[#]} Nf4 $1 {[%mdl 512]} 23. Bf1 (23. exf4 Qxe2) 23... Ng6 24. a4 Qd7 25. Nc3 h5 26. g3 h4 27. Bg2 hxg3 28. hxg3 Kg7 29. Nd2 {[%cal Bf3d2,Bd2f1,Bf1e3][%mdl 32]} Qg4 30. Nf1 (30. Bxd5 Bxg3 $1 {[%mdl 512]} 31. Bxc6 Bh2+ $1 {[%mdl 512]} 32. Kh1 Bg1 $19) 30... Qg5 31. e4 dxe4 32. d5 Bd7 {Hoping for ...e3!} 33. Nxe4 Qe5 (33... Qh5 $1 $11 {keeps the balance.}) 34. Ne3 f5 35. Rxb8 $2 ({Of course not} 35. Nxc4 $6 Rxc4 36. Qxc4 fxe4 $15) (35. Rb7 $1 $16 {is forced if you want to stay better.}) 35... Qxb8 $17 36. Ng5 $2 (36. Qc3+ $17 Ne5 37. Nd2) 36... Qb3 37. Qd2 {intending Qd4+.} c3 38. Qd4+ f6 39. Ne6+ Bxe6 40. dxe6 Qxe6 41. Bh3 {[#]} Ne7 $2 {[#]} ({Better is} 41... Rcd8 $1 $19 42. Qxd8 Rxd8 43. Rxd8 Ne7) 42. Re1 $2 (42. Bxf5 $1 $11 {[%mdl 512]} Nxf5 43. Qg4+ Kh8 44. Qh5+ Nh6 45. Qxh6+ Kg8 46. Qg6+ Kf8 47. Qh6+ Kg8 48. Qg6+ Kf8 49. Nf5) 42... Kg8 43. Kh2 Qe5 44. Qd7 $2 (44. Qxa7 {might work better.} Ra8 45. Qb7) 44... Red8 $19 45. Qxa7 {Now Nxf5 and White clings on.} Rc7 46. Qb6 Qc5 $2 (46... f4 $19 47. Nc2 fxg3+ 48. Kg2 Qf4) 47. Qe6+ $2 {[%mdl 8192]} (47. Qxf6 $17 Rc6 48. Qg5+ Rg6 49. Qf4) 47... Kg7 48. Bxf5 Qe5 $2 (48... Nd5 $19 {Strongly threatening ...Re7.} 49. Qe4 Nxe3 50. Rxe3 Rh8+ 51. Kg2 c2 52. Qg4+ Kf8 53. Bxc2 Qxc2) 49. Qb6 $2 (49. Kg2 $17) 49... Rh8+ $2 (49... c2 $19 {and Black stays clearly on top.} 50. Bxc2 Nd5 51. Nf5+ Kf8) 50. Kg1 $2 {[%mdl 8192]} (50. Kg2 $17) 50... Qc5 $2 ({Black should try} 50... Nd5 $19 51. Qb1 Nxe3 52. Rxe3 Qd5) 51. Qb1 $2 (51. a5 $15) 51... Nd5 $1 {[%cal Rd5e3] aiming for ...Nxe3.} 52. Qe4 $2 (52. Nc2 Rh2 53. Ne3 Nxe3 54. Rxe3) 52... Nxe3 53. Rxe3 c2 54. Qg4+ Kf8 55. Bxc2 Qxc2 56. Qb4+ Kf7 57. Kg2 {[#]} Qc6+ (57... Rh2+ $142 $1 {[%mdl 512]} 58. Kxh2 Qxf2+ 59. Kh3 Qxe3 60. Qb1 Qe6+ 61. Kh2 Qe2+ 62. Kh3 Rc2 63. Qb3+ Kg7 64. Qd5 Qf1+ 65. Kh4 Rh2+ 66. Kg4 {[#]} f5+ $1 {[%mdl 512]} 67. Qxf5 Qh3+ 68. Kf4 Rf2+ 69. Ke4 Qxf5+ 70. Kd4 Rd2+ 71. Kc3 Rd3+ 72. Kc2 Rxg3+ 73. Kd1 Qf2 74. Kc1 Rg1#) 58. Rf3 {[#]} Rh2+ $1 {[%mdl 512]} 59. Kxh2 Qxf3 {Precision: White = 23%, Black = 41%.} 0-1

[Event "Paris GCT 2017 Blitz"]
[Site "Paris"]
[Date "2017.06.24"]
[Round "5"]
[White "Vachier-Lagrave, Maxime"]
[Black "Topalov, Veselin"]
[Result "1-0"]
[WhiteElo "2796"]
[BlackElo "2749"]
[Annotator "TA"]
[PlyCount "71"]
[EventDate "2017.??.??"]
[EventType "tourn"]
[EventCountry "FRA"]
[SourceTitle "playchess.com"]
[Source "ChessBase"]
[SourceQuality "1"]

{[%evp 13,71,10,25,10,45,32,37,46,90,36,36,30,35,34,27,31,51,17,35,43,26,26,29,30,31,-49,0,-32,-34,-41,200,72,451,122,486,475,486,495,492,263,327,250,248,226,342,340,497,486,539,529,521,545,537,531,781,783,802,791,808,777]} 1. e4 c6 2. Nf3 d5 3. Nc3 Bg4 4. h3 Bxf3 5. Qxf3 e6 6. Be2 Nf6 {B11: Caro-Kann: Two Knights Variation} 7. O-O Be7 {LiveBook: 9 Games} (7... d4 $5 {[%cal Rd4c3]}) (7... Nbd7 8. d4 dxe4 9. Nxe4 Nxe4 10. Qxe4 Nf6 11. Qd3 Bd6 12. a4 Qe7 13. a5 a6 14. Rd1 Rd8 15. Qf3 h6 {1-0 (53) Vachier Lagrave,M (2803)-Agrest,E (2593) chess.com INT 2017}) 8. Rd1 b5 $146 {The position is equal.} (8... d4 $5 {[%cal Rd4c3]}) ({Predecessor:} 8... Nbd7 9. d4 O-O 10. Bd3 dxe4 11. Nxe4 Nxe4 12. Qxe4 g6 13. Bh6 Re8 14. Qe3 {½-½ (68) Bosnjak,P (2152)-Petrosyan,M (2312) Budva 2013}) 9. e5 Nfd7 10. d4 a6 11. Nb1 (11. Qg3 $16 Rg8 12. a3) 11... c5 12. c3 Nc6 13. Qg4 g6 14. Bh6 Qb6 15. Na3 b4 16. Nc2 bxc3 17. bxc3 Qb2 $1 {[%cal Rb2c2]} 18. Rac1 $36 {[%mdl 2048] White has some pressure.} Qxc3 19. Ne3 ({Better is} 19. dxc5 $14 Qa5 20. Nd4 Nxd4 21. Qxd4 (21. Rxd4 Bxc5 22. Ra4 Qb6 $11) 21... Bxc5 22. Qf4) 19... Qa3 20. Bf3 {Black must now prevent Nxd5!} (20. Bc4 $5 Nb6 21. Nc2 $15) 20... Nxd4 {[#]} 21. Bxd5 $1 {[%mdl 512]} Rd8 $2 {[#]} ({Avoid the trap} 21... Nxe5 $2 22. Qe4 $18) (21... f5 $1 $15 {stays ahead.} 22. exf6 Nxf6 23. Bxa8 Nxg4 24. Nxg4 Qxa2) (21... exd5 22. Nxd5) 22. Nc4 (22. Rxd4 $1 $18 {[%mdl 512] And now Rdd1 would win.} cxd4 23. Nc4) 22... Qa4 $2 {[%mdl 8192]} (22... Nxe5 $16 {is tougher.} 23. Rxd4 (23. Nxa3 Nxg4 24. Rxd4 cxd4 $17) 23... Qxc1+ 24. Bxc1 Nxg4 25. Bc6+ Kf8 26. Rxd8+ Bxd8) 23. Bf3 $2 (23. Rxd4 $18 {and the rest is easy.} cxd4 24. Bc6 $1 {[%mdl 512]} Qxc6 25. Nd6+ $1 {[%mdl 512]} Bxd6 26. Rxc6 Nxe5 27. Qxd4 Nf3+ 28. gxf3 Bh2+ 29. Kxh2 Rxd4 30. Bg7) 23... Rb8 $2 {[%mdl 8192]} (23... f5 $16 {is more resistant.} 24. exf6 Nxf6) 24. Rxd4 $18 cxd4 25. Qxd4 Qb5 {[#]} 26. Rd1 (26. a4 $142 $1 {[%mdl 512]} Qc5 (26... Qxa4 27. Nd6+) 27. Qd3) 26... Rd8 {[#]} 27. a4 $1 {[%mdl 512]} Qc5 (27... Qxa4 28. Nd6+) 28. Qe4 {[%mdl 1024] White has strong compensation.} Rc8 (28... Bf8 $142) 29. Rc1 Rb8 (29... Bf8 {was necessary.} 30. Be3 Qc7 31. Nd6+ Bxd6 32. Rxc7 Bxc7) 30. Qd3 {White is clearly winning.} Rd8 31. Nd6+ Bxd6 32. Rxc5 Bxc5 33. Bc6 g5 34. Bxg5 Be7 35. Be3 a5 36. Bb6 {Precision: White = 37%, Black = 25%.} 1-0

[Event "Paris GCT 2017 Blitz"]
[Site "Paris"]
[Date "2017.06.24"]
[Round "5"]
[White "Nakamura, Hikaru"]
[Black "Bacrot, Etienne"]
[Result "1-0"]
[WhiteElo "2785"]
[BlackElo "2708"]
[Annotator "TA"]
[PlyCount "101"]
[EventDate "2017.??.??"]
[EventType "tourn"]
[EventCountry "FRA"]
[SourceTitle "playchess.com"]
[Source "ChessBase"]
[SourceQuality "1"]

{[%evp 15,101,-18,-24,-29,-13,-21,-4,0,-8,-10,0,-4,9,8,8,9,12,6,10,0,0,0,0,0,0,0,0,0,33,27,27,23,55,55,50,52,106,99,120,34,65,61,62,77,117,112,125,107,154,125,117,104,104,104,119,46,76,22,24,28,70,60,42,0,30,0,0,0,0,0,8,0,103,107,95,79,335,335,339,335,491,22,994,926,29969,29970,29969,29970]} 1. Nf3 d5 2. g3 g6 3. c4 c6 4. Bg2 Bg7 5. O-O Nf6 6. d3 O-O 7. Nbd2 Re8 8. Qc2 {A07: Réti Opening: New York and Capablanca Systems} e5 {LiveBook: 5 Games} 9. e4 (9. Rd1 Qe7 10. cxd5 cxd5 11. Nb3 Nc6 12. Be3 d4 13. Bd2 Bf5 14. Qc5 Rad8 15. Qxe7 Rxe7 {0-1 (55) Kirschner,A (2286)-Rumpl,E (2308) Austria 2013}) 9... Na6 10. a3 {The position is equal.} dxe4 11. Nxe4 Nxe4 12. dxe4 Nc5 13. Rd1 Qc7 $146 (13... Qa5 {seems wilder.} 14. Rb1 Bg4 15. h3 Bxf3 16. Bxf3 Ne6) ({Predecessor:} 13... Qe7 14. Bg5 Bf6 15. Bxf6 Qxf6 {1-0 (47) Adamowicz,M (2042)-Cukrowski,F (2163) Szczyrk 2013}) 14. b4 Ne6 15. c5 b6 16. Be3 bxc5 17. bxc5 Ba6 18. Bh3 Rad8 19. Rxd8 Qxd8 20. Bxe6 Rxe6 21. Rd1 Qc7 22. Qd2 $36 {[%mdl 2048] White is pushing.} Re8 23. Qd7 Qb8 {...Be2 is the strong threat.} 24. Kg2 h6 25. h4 Qc8 ({Black should play} 25... Bc4 $14) 26. Qxa7 $16 Bc4 27. h5 (27. Rd7 $16) 27... Qg4 28. Qd7 $1 {[%cal Rd7e8]} Qxd7 29. Rxd7 Ra8 30. hxg6 fxg6 31. Nh4 Kh7 32. Rd6 Rxa3 33. Nxg6 Bd3 34. Kf3 $1 Bc2 35. g4 ({Inferior is} 35. Rxc6 Ra4 $17) (35. Ne7 $16) 35... Ra4 36. Nh4 (36. Ne7 $16) 36... Bxe4+ $11 37. Kg3 Bf8 38. Rd7+ Kg8 39. f3 Bd5 (39... Ra3 $5 {[%cal Ra3e3]} 40. Kf2 Ra2+ 41. Kg3 Ra3 $11) 40. Rd8 Kf7 41. Nf5 Ra3 42. Rd7+ Ke8 43. Rb7 e4 {[#]} (43... Rc3 $11 {keeps the balance.}) 44. fxe4 $1 $16 Bxe4 45. Kf4 Ra4 $2 {[%mdl 8192]} (45... Bxf5 $16 {might work better.} 46. gxf5 Rc3) 46. Ke5 $18 Bd5 {[#] ( -> ...Re4+)} 47. Kf6 $1 ({Wrong is} 47. Nxh6 $2 Re4+ 48. Kf6 Re6+ 49. Kf5 Rxe3 $19) 47... Ra8 (47... Rxg4 $142 48. Rb8+ Kd7 49. Rxf8 Re4 50. Bxh6 Re6+ 51. Kg5 Re8 52. Rxe8 Kxe8) 48. Bf4 $2 (48. g5 $18) 48... Rd8 $2 {[%mdl 8192]} (48... Bxc5 $11 49. Ng7+ Kd8) 49. Bd6 Bxd6 50. cxd6 Rd7 51. Ng7+ {Precision: White = 62%, Black = 33%.} 1-0